[Event "GRE-ch Online Rapid (Women) 1st"]
[Site "Tornelo INT"]
[Date "2021.02.06"]
[Round "8"]
[White "Kratimenou, Maria"]
[Black "Dereka, Konstantina"]
[Result "0-1"]
[WhiteElo "1196"]
[BlackElo "1271"]
[PlyCount "116"]
[EventDate "2021.02.06"]
[EventType "swiss (rapid)"]
[EventRounds "8"]
[EventCountry "GRE"]
[SourceTitle "EXT 2023"]
[Source "ChessBase"]
[SourceDate "2022.10.05"]
[SourceVersion "1"]
[SourceVersionDate "2022.10.05"]
[SourceQuality "1"]

1. e4 Nf6 2. e5 Nd5 3. c4 Nb6 4. d4 d6 5. exd6 exd6 6. Nc3 Be7 7. Nf3 0-0 8. Be2 Bg4 9. h3 Bh5 10. Be3 Nc6 11. Qd2 d5 12. c5 Nc4 13. Bxc4 dxc4 14. d5 Nb4 15. Ne5 Bg6 16. 0-0 Nd3 17. Nxc4 Nxc5 18. Ne5 Ne4 19. Qd4 Nd6 20. Nxg6 hxg6 21. Qd3 Re8 22. Rfe1 Bf6 23. a3 Qd7 24. Rad1 Rad8 25. Re2 Nf5 26. Red2 Re7 27. Bc5 Nd6 28. Be3 Qe8 29. Re2 Nf5 30. Bc5 Rxe2 31. Nxe2 b6 32. Bb4 Bxb2 33. Rb1 Bf6 34. Nc3 a5 35. Nb5 axb4 36. axb4 Qd7 37. Rc1 Qxd5 38. Qxd5 Rxd5 39. Nxc7 Rd4 40. b5 Rb4 41. Re1 Nd4 42. Re8+ Kh7 43. Nd5 Rxb5 44. Nc7 Re5 45. Rf8 Re7 46. Nd5 Rb7 47. Re8 Ne6 48. Rc8 b5 49. Nb4 Be7 50. Nc6 Bc5 51. Na5 Rb6 52. Nb3 Bd6 53. Rc2 b4 54. Kf1 Be5 55. Re2 Bc3 56. Re4 Rc6 57. Ke2 Nc5 58. Na5 Ra6 0-1

[Event "GRE-ch Online Rapid (Women) 1st"]
[Site "Tornelo INT"]
[Date "2021.02.06"]
[Round "1"]
[White "Kratimenou, Maria"]
[Black "Ntousaki, Chara"]
[Result "1-0"]
[WhiteElo "1196"]
[BlackElo "1017"]
[PlyCount "69"]
[EventDate "2021.02.06"]
[EventType "swiss (rapid)"]
[EventRounds "8"]
[EventCountry "GRE"]
[SourceTitle "EXT 2023"]
[Source "ChessBase"]
[SourceDate "2022.10.05"]
[SourceVersion "1"]
[SourceVersionDate "2022.10.05"]
[SourceQuality "1"]

1. e4 e5 2. Nf3 Nc6 3. Nc3 Bc5 4. Bb5 a6 5. Bxc6 dxc6 6. Nxe5 Bd4 7. Nf3 Bxc3 8. bxc3 Bg4 9. h3 Bxf3 10. Qxf3 Qe7 11. 0-0 Nf6 12. Re1 0-0 13. d3 h6 14. Rb1 b5 15. Bb2 Nh7 16. e5 Ng5 17. Qxc6 Ne6 18. d4 Rfb8 19. Rbd1 Rb6 20. Qxa8+ Kh7 21. Qe4+ g6 22. Qe3 Ng5 23. d5 Rb7 24. h4 Ne6 25. dxe6 fxe6 26. Qf3 Rb6 27. Qf6 Qxf6 28. exf6 Rb8 29. Rd7+ Kg8 30. Rxc7 Re8 31. f7+ Kf8 32. fxe8Q+ Kxe8 33. Rxe6+ Kf8 34. Rxa6 Ke8 35. Ra8# 1-0

[Event "GRE-ch U14 Girls"]
[Site "Patras"]
[Date "2019.06.29"]
[Round "7.4"]
[White "Tsakona, Maria"]
[Black "Kratimenou, Maria"]
[Result "1/2-1/2"]
[WhiteElo "1550"]
[BlackElo "1285"]
[PlyCount "87"]
[EventDate "2019.06.25"]
[EventType "swiss"]
[EventRounds "9"]
[EventCountry "GRE"]
[SourceTitle "EXT 2020"]
[Source "ChessBase"]
[SourceDate "2019.10.17"]
[SourceVersion "1"]
[SourceVersionDate "2019.10.17"]
[SourceQuality "1"]
[WhiteTeam "Greece"]
[BlackTeam "Greece"]
[WhiteTeamCountry "GRE"]
[BlackTeamCountry "GRE"]

1. Nf3 d5 2. c4 Nf6 3. g3 Bg4 4. Bg2 e6 5. 0-0 c6 6. Qc2 Nbd7 7. b3 Bd6 8. Bb2 0-0 9. d4 Re8 10. Ne5 Bf5 11. Qd1 Qc7 12. Nxd7 Qxd7 13. Nc3 Bb4 14. a3 Bxc3 15. Bxc3 Rac8 16. c5 Qe7 17. b4 Nd7 18. f3 e5 19. e3 exd4 20. Bxd4 Rcd8 21. Re1 Nf8 22. Qb3 Ne6 23. Be5 Nc7 24. Bb2 Qg5 25. Rad1 Re7 26. e4 Be6 27. Bc1 Qg6 28. f4 Bg4 29. Rd2 Rde8 30. h3 Bc8 31. e5 f6 32. Bb2 Qh6 33. Kh2 fxe5 34. Rde2 e4 35. Rxe4 Rxe4 36. Rxe4 Rxe4 37. Bxe4 Qxh3+ 38. Kg1 Qe6 39. Bg2 Qe7 40. Kf2 Ne6 41. Qe3 Qf7 42. Bh3 Bd7 43. Qe5 Nf8 44. f5 1/2-1/2

[Event "GRE-ch U14 Girls"]
[Site "Patras"]
[Date "2019.06.26"]
[Round "2.6"]
[White "Tsekoura, Vaia"]
[Black "Kratimenou, Maria"]
[Result "0-1"]
[WhiteElo "1326"]
[BlackElo "1285"]
[PlyCount "102"]
[EventDate "2019.06.25"]
[EventType "swiss"]
[EventRounds "9"]
[EventCountry "GRE"]
[SourceTitle "EXT 2020"]
[Source "ChessBase"]
[SourceDate "2019.10.17"]
[SourceVersion "1"]
[SourceVersionDate "2019.10.17"]
[SourceQuality "1"]
[WhiteTeam "Greece"]
[BlackTeam "Greece"]
[WhiteTeamCountry "GRE"]
[BlackTeamCountry "GRE"]

1. e4 e6 2. f4 d5 3. e5 c5 4. c3 Nc6 5. Nf3 Nh6 6. Na3 Bd7 7. g3 Nf5 8. Nc2 Qb6 9. d4 cxd4 10. Ncxd4 Nfxd4 11. Nxd4 Nxd4 12. cxd4 Bb4+ 13. Kf2 Rc8 14. a3 Be7 15. b4 Bb5 16. Be3 0-0 17. Rc1 Bxf1 18. Qxf1 a5 19. bxa5 Qxa5 20. Ra1 Rc3 21. Qe2 Rxa3 22. Rac1 Ra2 23. Rc2 Ra8 24. Rhc1 Rxc2 25. Qxc2 Rb8 26. f5 Qd8 27. h4 Qd7 28. Bf4 Rd8 29. f6 gxf6 30. Qe2 f5 31. g4 Qa4 32. Be3 f4 33. Bxf4 Qxd4+ 34. Kg3 Bxh4+ 35. Kxh4 Qxf4 36. Rf1 Qh6+ 37. Kg3 d4 38. Qb5 Qe3+ 39. Kh4 Qe4 40. Qa5 Rc8 41. Qb5 Rd8 42. Qa5 Qd5 43. Qc7 Qd7 44. Qc1 Qe7+ 45. Rf6 d3 46. Qg5+ Kh8 47. Qd2 Rd5 48. Qf4 d2 49. Qh6 d1Q 50. Qg7+ Kxg7 51. Kg5 Qd2+ 0-1

[Event "GRE-chT 46th"]
[Site "Rio Achaia"]
[Date "2018.07.10"]
[Round "1.6"]
[White "Isari, Angeliki"]
[Black "Kratimenou, Maria"]
[Result "1/2-1/2"]
[WhiteElo "1153"]
[BlackElo "1207"]
[PlyCount "82"]
[EventDate "2018.07.10"]
[EventType "team"]
[EventRounds "7"]
[EventCountry "GRE"]
[SourceTitle "CBM 185 Extra"]
[Source "ChessBase"]
[SourceDate "2018.07.29"]
[SourceVersion "1"]
[SourceVersionDate "2018.07.29"]
[SourceQuality "1"]
[WhiteTeam "Heraklion Contact"]
[BlackTeam "Panionios GA"]
[WhiteTeamCountry "GRE"]
[BlackTeamCountry "GRE"]

1. e4 e6 2. d4 d5 3. exd5 exd5 4. Bd3 Nc6 5. Nf3 Bg4 6. c3 Bd6 7. 0-0 Nge7 8. Nbd2 Qd7 9. Qc2 f6 10. Re1 0-0-0 11. b4 Rde8 12. a3 g5 13. Bb2 h5 14. c4 dxc4 15. Bxc4 Bf5 16. Qb3 Ng6 17. Bf7 Ref8 18. Bxg6 Bxg6 19. Nc4 Bf7 20. Nxd6+ Qxd6 21. Qd3 Bd5 22. Rac1 Kb8 23. Red1 Rd8 24. Qf5 Rhe8 25. Re1 Rxe1+ 26. Rxe1 Bxf3 27. Qxf3 Nxd4 28. Bxd4 Qxd4 29. Qxh5 Qc3 30. Qe8 Qd2 31. h3 a6 32. Qe3 Qxe3 33. Rxe3 Rd1+ 34. Kh2 Rd2 35. Kg3 Kc8 36. Rf3 Rd6 37. h4 gxh4+ 38. Kxh4 Kd7 39. Kh5 Ke7 40. Kg6 Re6 41. g4 b6 1/2-1/2

[Event "GRE-ch U12 Girls"]
[Site "Rio Achaia"]
[Date "2018.07.09"]
[Round "9"]
[White "Kiousi, Panagiota"]
[Black "Kratimenou, Maria"]
[Result "1-0"]
[WhiteElo "1516"]
[BlackElo "1207"]
[PlyCount "79"]
[EventDate "2018.07.03"]
[EventType "swiss"]
[EventRounds "9"]
[EventCountry "GRE"]
[SourceTitle "EXT 2019"]
[Source "ChessBase"]
[SourceDate "2018.10.10"]
[SourceVersion "1"]
[SourceVersionDate "2018.10.10"]
[SourceQuality "1"]

1. d4 d5 2. c4 e6 3. Nf3 Nf6 4. Nbd2 Bb4 5. Qa4+ Nc6 6. a3 Bxd2+ 7. Bxd2 0-0 8. Qc2 dxc4 9. e3 Re8 10. Bxc4 a6 11. 0-0 Qe7 12. Rac1 Rd8 13. b4 Bd7 14. Rfd1 Rac8 15. Qb2 Na7 16. Ne5 Bb5 17. Bb3 Ne4 18. Be1 Nd6 19. a4 Be8 20. Nd3 Bc6 21. f3 Qg5 22. e4 Qe7 23. Bf2 Ra8 24. Qc2 Qe8 25. Re1 Qf8 26. Bh4 Rdc8 27. Nc5 Kh8 28. d5 exd5 29. exd5 Be8 30. Be7 Qg8 31. f4 f6 32. Ne6 Bg6 33. Qf2 Ne8 34. d6 Nxd6 35. Nxc7 Qxb3 36. Bxd6 Nc6 37. Nxa8 Rxa8 38. Qb6 Qg8 39. Qxb7 Na7 40. Bc5 1-0

[Event "GRE-ch U10 Girls"]
[Site "Porto Rio"]
[Date "2016.07.03"]
[Round "8"]
[White "Tsakona, Maria"]
[Black "Kratimenou, Maria"]
[Result "0-1"]
[WhiteElo "1184"]
[BlackElo "1184"]
[PlyCount "108"]
[EventDate "2016.06.28"]
[EventType "swiss"]
[EventRounds "9"]
[EventCountry "GRE"]
[SourceTitle "CBM 173 Extra"]
[Source "ChessBase"]
[SourceDate "2016.08.29"]
[SourceVersion "1"]
[SourceVersionDate "2016.08.29"]
[SourceQuality "1"]

1. d4 d5 2. Nf3 Nf6 3. Bf4 c5 4. e3 Nc6 5. Nbd2 Qb6 6. Rb1 cxd4 7. Nb3 dxe3 8. Bxe3 Qc7 9. Be2 e6 10. 0-0 Bd6 11. h3 0-0 12. Bc5 b6 13. Bxd6 Qxd6 14. Nbd4 Nxd4 15. Qxd4 Qc5 16. Bd3 Qxd4 17. Nxd4 Bb7 18. Nf3 Rfc8 19. Rbc1 Rc5 20. Rfe1 Rac8 21. Re2 Nh5 22. g3 Ra5 23. a3 Ba6 24. Bxa6 Rxa6 25. Nd4 Ra4 26. Nb3 Rac4 27. c3 d4 28. Rec2 dxc3 29. Rxc3 Rxc3 30. Rxc3 Rxc3 31. bxc3 Nf6 32. f3 Nd5 33. c4 Ne3 34. c5 bxc5 35. Nxc5 Kf8 36. Kf2 Nc4 37. a4 Nb6 38. Ke3 Ke7 39. Kd4 Kd6 40. a5 Nd5 41. Nd3 Ne7 42. g4 Nc6+ 43. Ke4 Nxa5 44. Ne5 f6 45. Nd3 Nb3 46. Nb4 a5 47. Nc2 g6 48. f4 f5+ 49. gxf5 gxf5+ 50. Kd3 e5 51. fxe5+ Kxe5 52. h4 f4 53. Ke2 Nd4+ 54. Nxd4 Kxd4 0-1

[Event "GRE-ch U10 Girls"]
[Site "Porto Rio"]
[Date "2016.06.29"]
[Round "3"]
[White "Kiousi, Panagiota"]
[Black "Kratimenou, Maria"]
[Result "1-0"]
[WhiteElo "1407"]
[BlackElo "1184"]
[PlyCount "45"]
[EventDate "2016.06.28"]
[EventType "swiss"]
[EventRounds "9"]
[EventCountry "GRE"]
[SourceTitle "CBM 173 Extra"]
[Source "ChessBase"]
[SourceDate "2016.08.29"]
[SourceVersion "1"]
[SourceVersionDate "2016.08.29"]
[SourceQuality "1"]

1. d4 d5 2. c4 c6 3. Nf3 Nf6 4. Nc3 dxc4 5. a4 Bf5 6. Ne5 Nbd7 7. Nxc4 Qc7 8. g3 e5 9. dxe5 Nxe5 10. Bf4 Nfd7 11. Bg2 f6 12. Qd4 Bc5 13. Bxe5 fxe5 14. Qd2 0-0-0 15. 0-0 Nb6 16. Nxb6+ Qxb6 17. Qg5 g6 18. e4 Bd7 19. Qxe5 Bd4 20. Qd6 Be8 21. Bh3+ Bd7 22. Nd5 Qc5 23. Ne7# 1-0